|
|
|
|
| LEADER |
00000cas a2200000 a 4500 |
| 001 |
vtls008422328 |
| 003 |
SK-MaSNL |
| 005 |
20260228161036.0 |
| 008 |
060105c19979999xo br p 0 b0slo |
| 022 |
|
|
|a 1339-066X
|
| 035 |
|
|
|a (SVKBB03)vtls000048374
|
| 040 |
|
|
|a SVKPO
|b slo
|c SVKPO
|d SNK
|e AACR2
|
| 041 |
0 |
|
|a slo
|a cze
|
| 072 |
|
7 |
|a 613
|x Hygiena. Ľudské zdravie
|2 konspekt
|
| 072 |
|
7 |
|a 615
|x Farmácia. Farmakológia
|2 konspekt
|
| 080 |
|
|
|a 613.292
|2 2011
|
| 080 |
|
|
|a 050
|2 2011
|
| 080 |
|
|
|a 615.27
|2 2011
|
| 080 |
|
|
|a (051)-048.55
|2 2011
|
| 080 |
|
|
|a 615.2/.3
|2 2011
|
| 210 |
0 |
|
|a Forever
|b (Bratisl.)
|
| 222 |
|
0 |
|a Forever
|b (Bratislava)
|
| 245 |
0 |
0 |
|a Forever
|b Czech Republic/Slovak Republic
|
| 246 |
1 |
3 |
|a Forever journal
|
| 260 |
|
|
|a Bratislava
|b Forever Living Products Slovak Republic
|c 1997-
|
| 300 |
|
|
|a zv.
|c 27-30 cm
|
| 310 |
|
|
|a 6x ročne
|b 2019-
|
| 321 |
|
|
|a 1x mesačne
|b 1997-2018
|
| 362 |
0 |
|
|a Roč. 1, č. 1 (1997)-
|z SKP
|
| 500 |
|
|
|a Predošlý podnázov: mesačník/měsíčník Forever Living Products Slovak Republic spol. s r.o.
|
| 500 |
|
|
|a Evidenčné číslo MK SR: EV 3020/09
|
| 500 |
|
|
|a Od r. 2019 vychádza 6x ročne ako dvojmesačník
|
| 515 |
|
|
|a V č. 1/2015 uvedený roč. VIII.
|
| 550 |
|
|
|a Spoluvyd.: Forever Living Products Czech Republic, spol. s. r. o., Praha
|
| 650 |
0 |
7 |
|a liečivá
|2 SNKPH
|9 2452
|
| 650 |
0 |
7 |
|a potravinové doplnky
|2 SNKPH
|9 68313
|
| 655 |
|
7 |
|a špecializované časopisy
|2 SNKPH
|9 70509
|
| 910 |
|
|
|a snk
|
| 999 |
|
|
|c 4162
|d 6092
|
| 952 |
|
|
|0 0
|1 0
|4 0
|7 0
|8 0
|a SNK
|b SNK
|d 2020-11-24
|i snk2020/20896
|l 0
|o snkČSB 6015/23/2019
|p 17A1432648
|r 2026-02-21 19:24:16
|t č. 1-6
|w 2026-02-21
|y PREZ
|
| 952 |
|
|
|0 0
|1 0
|4 0
|7 0
|8 0
|a SNK
|b SNK
|d 2015-07-27
|i snk2015/22854
|l 0
|o snkČSB 6015/13/2009
|p 17A1145044
|r 2026-02-21 19:45:31
|t č. 1-12
|w 2026-02-21
|y PREZ
|
| 952 |
|
|
|0 0
|1 0
|4 0
|7 0
|8 0
|a SNK
|b SNK
|d 2015-07-27
|i snk2015/22855
|l 0
|o snkČSB 6015/13/2009 D1
|p 17A1145046
|r 2026-02-21 19:45:31
|t č. 1-12
|w 2026-02-21
|y PREZ
|
| 952 |
|
|
|0 0
|1 0
|4 0
|7 0
|8 0
|a SNK
|b SNK
|d 2015-07-27
|i snk2015/22856
|l 0
|o snkČSB 6015/14/2010
|p 17A1145045
|r 2026-02-21 19:45:31
|t č. 1-12
|w 2026-02-21
|y PREZ
|
| 952 |
|
|
|0 0
|1 0
|4 0
|7 0
|8 0
|a SNK
|b SNK
|d 2015-07-27
|i snk2015/22857
|l 0
|o snkČSB 6015/14/2010 D1
|p 17A1145419
|r 2026-02-21 19:45:31
|t č. 1-12
|w 2026-02-21
|y PREZ
|
| 952 |
|
|
|0 0
|1 0
|4 0
|7 0
|8 0
|a SNK
|b SNK
|d 2015-07-22
|i snk2015/22498
|l 0
|o snkČSB 6015/4/2000
|p 17A1145064
|r 2026-02-21 19:45:38
|t č. 1-12, neúplné
|w 2026-02-21
|y PREZ
|z Chýba č. 1
|
| 952 |
|
|
|0 0
|1 0
|4 0
|7 0
|8 0
|a SNK
|b SNK
|d 2015-07-22
|i snk2015/22499
|l 0
|o snkČSB 6015/4/2000 D1
|p 17A1145063
|r 2026-02-21 19:45:38
|t č. 1-12, neúplné
|w 2026-02-21
|y PREZ
|z Chýba č. 1, 5
|
| 952 |
|
|
|0 0
|1 0
|4 0
|7 0
|8 0
|a SNK
|b SNK
|d 2015-07-22
|i snk2015/22500
|l 0
|o snkČSB 6015/5/2001
|p 17A1145062
|r 2026-02-21 19:45:38
|t č. 1-12, neúplné
|w 2026-02-21
|y PREZ
|z Chýba č. 3, 8, 10
|
| 952 |
|
|
|0 0
|1 0
|4 0
|7 0
|8 0
|a SNK
|b SNK
|d 2015-07-22
|i snk2015/22501
|l 0
|o snkČSB 6015/5/2001 D1
|p 17A1145061
|r 2026-02-21 19:45:38
|t č. 1-12, neúplné
|w 2026-02-21
|y PREZ
|z Chýba č. 3, 5, 7-11
|
| 952 |
|
|
|0 0
|1 0
|4 0
|7 0
|8 0
|a SNK
|b SNK
|d 2015-07-22
|i snk2015/22502
|l 0
|o snkČSB 6015/6/2002
|p 17A1145060
|r 2026-02-21 19:45:38
|t č. 1-12
|w 2026-02-21
|y PREZ
|
| 952 |
|
|
|0 0
|1 0
|4 0
|7 0
|8 0
|a SNK
|b SNK
|d 2015-07-22
|i snk2015/22503
|l 0
|o snkČSB 6015/6/2002 D1
|p 17A1145059
|r 2026-02-21 19:45:38
|t č. 1-12, neúplné
|w 2026-02-21
|y PREZ
|z Chýba č. 1
|
| 952 |
|
|
|0 0
|1 0
|4 0
|7 0
|8 0
|a SNK
|b SNK
|d 2015-07-22
|i snk2015/22504
|l 0
|o snkČSB 6015/7/2003
|p 17A1145058
|r 2026-02-21 19:45:38
|t č. 1-12
|w 2026-02-21
|y PREZ
|
| 952 |
|
|
|0 0
|1 0
|4 0
|7 0
|8 0
|a SNK
|b SNK
|d 2015-07-22
|i snk2015/22505
|l 0
|o snkČSB 6015/7/2003 D1
|p 17A1145057
|r 2026-02-21 19:45:38
|t č. 1-12, neúplné
|w 2026-02-21
|y PREZ
|z Chýba č. 1, 2, 5, 11
|
| 952 |
|
|
|0 0
|1 0
|4 0
|7 0
|8 0
|a SNK
|b SNK
|d 2015-07-22
|i snk2015/22506
|l 0
|o snkČSB 6015/8/2004
|p 17A1145056
|r 2026-02-21 19:45:38
|t č. 1-12
|w 2026-02-21
|y PREZ
|
| 952 |
|
|
|0 0
|1 0
|4 0
|7 0
|8 0
|a SNK
|b SNK
|d 2015-07-22
|i snk2015/22507
|l 0
|o snkČSB 6015/8/2004 D1
|p 17A1145055
|r 2026-02-21 19:45:38
|t č. 1-12
|w 2026-02-21
|y PREZ
|
| 952 |
|
|
|0 0
|1 0
|4 0
|7 0
|8 0
|a SNK
|b SNK
|d 2015-07-22
|i snk2015/22508
|l 0
|o snkČSB 6015/9/2005
|p 17A1145054
|r 2026-02-21 19:45:38
|t č. 1-12
|w 2026-02-21
|y PREZ
|
| 952 |
|
|
|0 0
|1 0
|4 0
|7 0
|8 0
|a SNK
|b SNK
|d 2015-07-22
|i snk2015/22509
|l 0
|o snkČSB 6015/9/2005 D1
|p 17A1145053
|r 2026-02-21 19:45:38
|t č. 1-12, neúplné
|w 2026-02-21
|y PREZ
|
| 952 |
|
|
|0 0
|1 0
|4 0
|7 0
|8 0
|a SNK
|b SNK
|d 2015-07-22
|i snk2015/22510
|l 0
|o snkČSB 6015/10/2006
|p 17A1145052
|r 2026-02-21 19:45:38
|t č. 1-12
|w 2026-02-21
|y PREZ
|
| 952 |
|
|
|0 0
|1 0
|4 0
|7 0
|8 0
|a SNK
|b SNK
|d 2015-07-22
|i snk2015/22511
|l 0
|o snkČSB 6015/10/2006 D1
|p 17A1145051
|r 2026-02-21 19:45:38
|t č. 1-12
|w 2026-02-21
|y PREZ
|
| 952 |
|
|
|0 0
|1 0
|4 0
|7 0
|8 0
|a SNK
|b SNK
|d 2015-07-22
|i snk2015/22512
|l 0
|o snkČSB 6015/11/2007
|p 17A1145050
|r 2026-02-21 19:45:38
|t č. 1-12
|w 2026-02-21
|y PREZ
|
| 952 |
|
|
|0 0
|1 0
|4 0
|7 0
|8 0
|a SNK
|b SNK
|d 2015-07-22
|i snk2015/22513
|l 0
|o snkČSB 6015/11/2007 D1
|p 17A1145049
|r 2026-02-21 19:45:38
|t č. 1-12
|w 2026-02-21
|y PREZ
|
| 952 |
|
|
|0 0
|1 0
|4 0
|7 0
|8 0
|a SNK
|b SNK
|d 2015-07-22
|i snk2015/22515
|l 0
|o snkČSB 6015/12/2008
|p 17A1145048
|r 2026-02-21 19:45:38
|t č. 1-12
|w 2026-02-21
|y PREZ
|
| 952 |
|
|
|0 0
|1 0
|4 0
|7 0
|8 0
|a SNK
|b SNK
|d 2015-07-22
|i snk2015/22517
|l 0
|o snkČSB 6015/12/2008 D1
|p 17A1145047
|r 2026-02-21 19:45:39
|t č. 1-12
|w 2026-02-21
|y PREZ
|
| 952 |
|
|
|0 0
|1 0
|4 0
|7 0
|8 0
|a SNK
|b SNK
|d 2015-07-27
|i snk2015/22858
|l 0
|o snkČSB 6015/15/2011
|p 17A1145420
|r 2026-02-21 19:45:42
|t č. 1-12
|w 2026-02-21
|y PREZ
|
| 952 |
|
|
|0 0
|1 0
|4 0
|7 0
|8 0
|a SNK
|b SNK
|d 2015-07-27
|i snk2015/22859
|l 0
|o snkČSB 6015/15/2011 D1
|p 17A1145421
|r 2026-02-21 19:45:42
|t č. 1.12
|w 2026-02-21
|y PREZ
|
| 952 |
|
|
|0 0
|1 0
|4 0
|7 0
|8 0
|a SNK
|b SNK
|d 2015-07-27
|i snk2015/22860
|l 0
|o snkČSB 6015/16/2012
|p 17A1145422
|r 2026-02-21 19:45:42
|t č. 1-12
|w 2026-02-21
|y PREZ
|
| 952 |
|
|
|0 0
|1 0
|4 0
|7 0
|8 0
|a SNK
|b SNK
|d 2015-07-27
|i snk2015/22861
|l 0
|o snkČSB 6015/16/2012 D1
|p 17A1145423
|r 2026-02-21 19:45:42
|t č. 1-12
|w 2026-02-21
|y PREZ
|
| 952 |
|
|
|0 0
|1 0
|4 0
|7 0
|8 0
|a SNK
|b SNK
|d 2015-07-27
|i snk2015/22862
|l 0
|o snkČSB 6015/17/2013
|p 17A1145424
|r 2026-02-21 19:45:42
|t č. 1-12
|w 2026-02-21
|y PREZ
|
| 952 |
|
|
|0 0
|1 0
|4 0
|7 0
|8 0
|a SNK
|b SNK
|d 2015-07-27
|i snk2015/22863
|l 0
|o snkČSB 6015/17/2013 D1
|p 17A1145425
|r 2026-02-21 19:45:42
|t č. 1-12
|w 2026-02-21
|y PREZ
|
| 952 |
|
|
|0 0
|1 0
|4 0
|7 0
|8 0
|a SNK
|b SNK
|d 2015-07-27
|i snk2015/22864
|l 0
|o snkČSB 6015/18/2014
|p 17A1145426
|r 2026-02-21 19:45:42
|t č. 1-12
|w 2026-02-21
|y PREZ
|
| 952 |
|
|
|0 0
|1 0
|4 0
|7 0
|8 0
|a SNK
|b SNK
|d 2015-07-27
|i snk2015/22865
|l 0
|o snkČSB 6015/18/2014 D1
|p 17A1145427
|r 2026-02-21 19:45:42
|t č. 1-12
|w 2026-02-21
|y PREZ
|
| 952 |
|
|
|0 0
|1 0
|4 0
|7 0
|8 0
|a SNK
|b SNK
|d 2025-01-09
|i snk2025/208
|l 0
|o snkČSB 6015/26/2022
|p 17A1524942
|r 2026-02-21 19:46:53
|t č. 1-6
|w 2026-02-21
|y PREZ
|
| 952 |
|
|
|0 0
|1 0
|4 0
|7 0
|8 0
|a SNK
|b SNK
|d 2025-01-09
|i snk2025/209
|l 0
|o snkČSB 6015/27/2023
|p 17A1524943
|r 2026-02-21 19:46:53
|t č. 1-6
|w 2026-02-21
|y PREZ
|
| 952 |
|
|
|0 0
|1 0
|4 0
|7 0
|8 0
|a SNK
|b SNK
|d 2025-01-09
|i snk2025/200
|l 0
|o snkČSB 6015/23/2019 D1
|p 17A1524937
|r 2026-02-21 19:46:53
|t č. 1-6
|w 2026-02-21
|y PREZ
|
| 952 |
|
|
|0 0
|1 0
|4 0
|7 0
|8 0
|a SNK
|b SNK
|d 2025-01-09
|i snk2025/202
|l 0
|o snkČSB 6015/24/2020
|p 17A1524938
|r 2026-02-21 19:46:53
|t č. 1-6
|w 2026-02-21
|y PREZ
|
| 952 |
|
|
|0 0
|1 0
|4 0
|7 0
|8 0
|a SNK
|b SNK
|d 2025-01-09
|i snk2025/203
|l 0
|o snkČSB 6015/24/2020 D1
|p 17A1524939
|r 2026-02-21 19:46:53
|t č. 1-6
|w 2026-02-21
|y PREZ
|
| 952 |
|
|
|0 0
|1 0
|4 0
|7 0
|8 0
|a SNK
|b SNK
|d 2025-01-09
|i snk2025/205
|l 0
|o snkČSB 6015/25/2021
|p 17A1524940
|r 2026-02-21 19:46:53
|t č. 1-6
|w 2026-02-21
|y PREZ
|
| 952 |
|
|
|0 0
|1 0
|4 0
|7 0
|8 0
|a SNK
|b SNK
|d 2025-01-09
|i snk2025/206
|l 0
|o snkČSB 6015/25/2021 D1
|p 17A1524941
|r 2026-02-21 19:46:53
|t č. 1-6
|w 2026-02-21
|y PREZ
|
| 952 |
|
|
|0 0
|1 0
|4 0
|7 0
|8 0
|a SNK
|b SNK
|d 2025-04-23
|i snk2025/6850
|l 0
|o snkČSB 6015/26/2022 D1
|p 17A1555940
|r 2026-02-21 19:59:06
|t č. 1-6
|w 2026-02-21
|y PREZ
|
| 952 |
|
|
|0 0
|1 0
|4 0
|7 0
|8 0
|a SNK
|b SNK
|d 2025-04-23
|i snk2025/6851
|l 0
|o snkČSB 6015/27/2023 D1
|p 17A1555941
|r 2026-02-21 19:59:06
|t č. 1-6
|w 2026-02-21
|y PREZ
|
| 952 |
|
|
|0 0
|1 0
|4 0
|7 0
|8 0
|a SNK
|b SNK
|d 2019-03-15
|i snk2019/7071
|l 0
|o snkČSB 6015/18[19]/2015
|p 17A1344131
|r 2026-02-21 21:51:15
|t č. 1-12
|w 2026-02-21
|y PREZ
|
| 952 |
|
|
|0 0
|1 0
|4 0
|7 1
|8 0
|a SNK
|b SNK
|d 2019-03-15
|i snk2019/7073
|l 0
|o snkČSB 6015/18[19]/2015 D1
|p 17A1344130
|r 2026-02-21 21:51:15
|t č. 1-12
|w 2026-02-21
|y NEVYP
|
| 952 |
|
|
|0 0
|1 0
|4 0
|7 0
|8 0
|a SNK
|b SNK
|d 2019-03-15
|i snk2019/7075
|l 0
|o snkČSB 6015/20/2016
|p 17A1344129
|r 2026-02-21 21:51:15
|t č. 1-12
|w 2026-02-21
|y PREZ
|
| 952 |
|
|
|0 0
|1 0
|4 0
|7 1
|8 0
|a SNK
|b SNK
|d 2019-03-15
|i snk2019/7076
|l 0
|o snkČSB 6015/20/2016 D1
|p 17A1344128
|r 2026-02-21 21:51:15
|t č. 1-12
|w 2026-02-21
|y NEVYP
|
| 952 |
|
|
|0 0
|1 0
|4 0
|7 0
|8 0
|a SNK
|b SNK
|d 2019-03-15
|i snk2019/7077
|l 0
|o snkČSB 6015/21/2017
|p 17A1344127
|r 2026-02-21 21:51:15
|t č. 1-12
|w 2026-02-21
|y PREZ
|
| 952 |
|
|
|0 0
|1 0
|4 0
|7 1
|8 0
|a SNK
|b SNK
|d 2019-03-15
|i snk2019/7078
|l 0
|o snkČSB 6015/21/2017 D1
|p 17A1344126
|r 2026-02-21 21:51:15
|t č. 1-12
|w 2026-02-21
|y NEVYP
|
| 952 |
|
|
|0 0
|1 0
|4 0
|7 0
|8 0
|a SNK
|b SNK
|d 2019-03-15
|i snk2019/7082
|l 0
|o snkČSB 6015/22/2018
|p 17A1344125
|r 2026-02-21 21:51:19
|t č. 1-12
|w 2026-02-21
|y PREZ
|
| 952 |
|
|
|0 0
|1 0
|4 0
|7 1
|8 0
|a SNK
|b SNK
|d 2019-03-15
|i snk2019/7083
|l 0
|o snkČSB 6015/22/2018 D1
|p 17A1344124
|r 2026-02-21 21:51:19
|t č. 1-12
|w 2026-02-21
|y NEVYP
|